Jednoliterowe symbole pierwiastków chemicznych - Statystyki

Ogólne statystyki
  • Ten quiz został rozwiązany 32 168 razy
  • Średni wynik to 10 z 14
Statystyki odpowiedzi
Symbol Pierwiastek % Poprawnych
O Tlen
97%
K Potas
93%
C Węgiel
93%
H Wodór
92%
S Siarka
89%
N Azot
82%
P Fosfor
80%
F Fluor
78%
I Jod
72%
U Uran
71%
B Bor
69%
V Wanad
37%
W Wolfram
37%
Y Itr
32%
Nie znaleziono quizów pasujących do podanych kryteriów
Rozkład punktacji
Procent ludzi z każdym wynikiem
Percentyl według liczby udzielonych odpowiedzi
Twoja historia wyników
Nie rozwiązałeś tego quizu